000 00582nam a2200229Ia 4500
003 OSt
005 20221007081110.0
006 a|||||r|||| 00| 0
007 ta
008 221006b |||||||| |||| 00| 0 eng d
024 _a13,013
037 _cTextual
040 _aFLL
_cFLL
_beng
041 _2eng
_aeng
082 _aV5N49, K4
100 _aMunk Frank Au.
_9696389
245 0 _aAtlantic dilemma
260 _aNew York
_bOceana pub. U.S.A.
_c1964
300 _a177p
_ccm.
942 _hV5N49, K4
_cTEXL
_2CC
999 _c1161999
_d1161999